Class 50 Names - Statistics

General Stats
  • This quiz has been taken 5 times
  • The average score is 19 of 50
Answer Stats
Number Answer % Correct
50027 Lion
100%
50045 Achilles
50%
50013 Agincourt
50%
50035 Ark Royal
50%
50041 Bulwark
50%
50011 Centurion
50%
50009 Conqueror
50%
50048 Dauntless
50%
50049 Defiance
50%
50001 Dreadnought
50%
50043 Eagle
50%
50050 Fearless
50%
50038 Formidable
50%
50034 Furious
50%
50033 Glorious
50%
50007 Hercules / Sir Edward Elgar
50%
50031 Hood
50%
50023 Howe
50%
50037 Illustrious
50%
50025 Invincible
50%
50040 Leviathan
50%
50010 Monarch
50%
50006 Neptune
50%
50029 Renown
50%
50030 Repulse
50%
50018 Resolution
50%
50020 Revenge
50%
50021 Rodney
50%
50017 Royal Oak
50%
50002 Superb
50%
50047 Swiftsure
50%
50003 Temeraire
50%
50008 Thunderer
50%
50028 Tiger
50%
50042 Triumph
50%
50036 Victorious
50%
50014 Warspite
50%
50046 Ajax
0%
50022 Anson
0%
50016 Barham
0%
50012 Benbow
0%
50005 Collingwood
0%
50032 Courageous
0%
50044 Exeter
0%
50039 Implacable
0%
50026 Indomitable
0%
50019 Ramilies
0%
50004 St Vincent
0%
50015 Valiant
0%
50024 Vanguard
0%
No matching quizzes found
Score Distribution
Percent of People with Each Score
Percentile by Number Answered
Your Score History
You have not taken this quiz